Un Sospir de llibertat : comèdia en cinc escenes / original de Nicolau Ma Rubió i Tudurí comèdia en cinc escenes / original de Nicolau Ma Rubió i Tudurí
Descripción Física:
27 p. ; 19 cm
Colección:
El nostre teatre ; 51
MARC
| LEADER | 00000nam a2200000Ia 4500 | ||
|---|---|---|---|
| 001 | 12633 | ||
| 008 | 160829s1936 xx 000 0 cat d | ||
| 080 | |a RF-8-59 | ||
| 100 | |a Rubió i Tudurí, Nicolau M. |9 19931 | ||
| 245 | |a Un Sospir de llibertat : |b comèdia en cinc escenes / original de Nicolau Ma Rubió i Tudurí | ||
| 260 | |a Barcelona : |b (Tallers Gràfics Irandez), |c 1936 | ||
| 300 | |a 27 p. ; |c 19 cm | ||
| 490 | |a El nostre teatre ; 51 | ||
| 590 | |a Obra guanyadora del Premi Ignasi Iglésias, 1935. | ||
| 590 | |a Prové de 4482, exp. 122 | ||
| 856 | 4 | |u https://media.diba.cat/diba/fitxers/arxiu/fulletons/bib_12633_1936_baixa.pdf |y Accés lliure | |
| 856 | 4 | |u https://media.diba.cat/diba/fitxers/arxiu/fulletons/bib_12633_1936_baixa.pdf |y Accés lliure | |
| 901 | |a Arxiu | ||
| 942 | |n 1 |2 udc | ||
| 952 | |0 0 |1 0 |4 0 |6 RF859 |7 1 |9 53486 |a Arxiu |b Arxiu |d 2016-12-01 |l 0 |o RF-8-59 |p 12633 |r 2016-12-01 00:00:00 |w 2016-12-01 |y ARXIU | ||
| 999 | |c 57352 |d 57352 | ||
| 900 | |a bib_12633_1936_baixa.pdf | ||